000 00811nam a2200301Ia 4500
008 171025s9999 xx 000 0 und d
020 _a451180615
050 _a920
050 _bW577 1993
100 _aWhitaker, James
245 _aDiana vs. Charles :
245 _broyal blood feud /
245 _cby James Whitaker/
260 _aUSA :
260 _bSignet,
260 _c1993
300 _axviii, 334 pages :
300 _billustrations ;
300 _c17cm.
500 _aIncludes index.
650 _aCharles, --Prince of Wales, --
650 _aDiana, -- Princess of Wales, --
650 _aMarriages of royalty and nobility -- Great Britain --
650 _x1948- -- Marriage.
650 _x1961-1997 -- Marriage.
650 _xHistory -- 20th century.
700 _aTitle.
999 _c344597
_d344597